[Event "Cappelle op 15th"]
[Site "Cappelle la Grande"]
[Date "1999.02.18"]
[Round "6"]
[White "Miles, Anthony John"]
[Black "Marciano, David"]
[Result "1-0"]
[WhiteElo "2609"]
[BlackElo "2521"]
[PlyCount "115"]
[EventDate "1999.02.13"]
[EventType "swiss"]
[EventRounds "9"]
[EventCountry "FRA"]
[SourceTitle "EXT 2000"]
[Source "ChessBase"]
[SourceDate "1999.11.16"]
[SourceVersion "1"]
[SourceVersionDate "1999.11.16"]
[SourceQuality "1"]

1. Nf3 {Salov,Valery} d5 2. b3 Bg4 3. e3 Nd7 4. Bb2 c6 ({RR} 4... Ngf6 5. h3 Bh5 6. Be2 e6 7. d3 h6 8. Nbd2 Bg6 9. Ne5 Nxe5 10. Bxe5 Bd6 11. Nf3 O-O 12. O-O Qe7 13. c4 a5) ({RR} 4... e5 5. h3) 5. h3 Bh5 6. Be2 ({RR} 6. d3 e6 7. Nbd2 h6 ({RR} 7... Ngf6 8. g4 Bg6 9. Nh4 Be7) 8. g3 Ngf6 9. Bg2 a5 10. a3 Bd6 11. O-O O-O 12. Qe1 ({RR} 12. Qe2) 12... Qb6 ({RR} 12... Re8) 13. e4 Bxf3 ({RR} 13... Bxg3 14. Bd4 c5 15. Bxf6) ({RR} 13... e5 14. Nh4 Rfe8 15. Nf5 ({RR} 15. g4 Bg6 16. Nxg6 ({RR} 16. Nf5) 16... fxg6 17. exd5 ({RR} 17. Qe2 Nc5 18. d4 exd4 ({RR} 18... Ncxe4 19. dxe5 Bxe5 20. Bxe5 Rxe5) 19. Bxd4 dxe4 20. Nxe4 Nfxe4 21. Bxe4 Rxe4 22. Qxe4 Nxe4 23. Bxb6) 17... cxd5 ({RR} 17... Nxd5 18. Nc4 Qc7 19. Be4) 18. c4 Nc5) 15... Bf8) 14. Nxf3 e5 15. Nd2 ({RR} 15. exd5 cxd5 ({RR} 15... Nxd5 16. Nd2) 16. Nxe5 Nxe5 17. Bxe5 Rfe8 18. d4 Nd7 ({RR} 18... Rac8)) 15... Rfe8 16. Rb1 ({RR} 16. Qe2 a4 17. b4 c5 ({RR} 17... dxe4 18. dxe4 c5 19. Nc4 Qb5 20. Rfe1) 18. exd5 cxb4 19. Nc4) 16... Rad8 17. Qe2 Qc7 18. Rbe1 b5 19. Kh2 ({RR} 19. Kh1) ({RR} 19. c3) 19... d4 ({RR} 19... dxe4 20. dxe4 Bc5) ({RR} 19... Nf8 20. exd5 cxd5 21. c4) 20. Ra1 Rb8 {Salov,V (2710)-Bareev,E (2685) Tilburg 1994 CBM 044 [Salov,Valery] 1-0 (57)} ({RR} 20... c5 21. a4) {RR} 21. Rfc1 h5 22. c3 ({RR} 22. Nf3 c5 23. c3) 22... dxc3 23. Bxc3 ({RR} 23. Rxc3)) 6... Ngf6 ({RR} 6... e6 7. O-O Ngf6 8. d3 Bd6 9. c4 O-O 10. Nbd2 Qe7 11. a3 e5 12. Nh4 Bxe2 13. Qxe2 g6 14. e4 dxe4 15. dxe4 a5 16. g3 Ne8 17. Ng2 Ng7 18. Rfd1 Rfd8 19. Nf3 Ne6 20. Rd2 Ndc5 21. Qe3 {Jarvenpaa,J (2271)-Neiksans,A (2606) Finland FIN 2023 0-1 (31)}) 7. d3 Bxf3 8. Bxf3 e6 $146 ({RR} 8... e5 9. Nd2 Bc5 10. O-O O-O 11. a3 Re8 12. b4 Bf8 13. e4 a5 14. c3 Qb6 15. Qc2 Rad8 16. Nb3 axb4 17. axb4 h6 18. Rfb1 Ra8 19. Bc1 Qc7 20. Be3 Rec8 21. Nd2 Qd8 22. Qb3 dxe4 {½-½ (22) Roeder,M (2487)-Jonkman,H (2520) Cutro 2002}) 9. Nd2 Bd6 10. O-O O-O 11. c4 Qe7 12. Re1 e5 13. Qc2 Rfe8 14. Be2 Ba3 15. Bxa3 Qxa3 16. cxd5 cxd5 17. Rac1 Nb6 18. Nb1 Qe7 19. Qb2 Rad8 20. d4 exd4 21. Qxd4 Ne4 22. Bb5 Rf8 23. Rc2 Rc8 24. Rec1 Qf6 25. Qxf6 Nxf6 26. Nc3 Rfd8 27. Be2 Kf8 28. Bf3 Ke7 29. g4 g5 30. Nxd5+ Nfxd5 31. Rxc8 Rxc8 32. Rxc8 Nxc8 33. Bxd5 b6 34. Kf1 f6 35. Ke2 Kd6 36. Bb7 Ne7 37. Kd3 Kc5 38. a3 a5 39. f4 h6 40. f5 Kd6 41. Kd4 Kc7 42. Bd5 Kd6 43. e4 b5 44. a4 Nc8 45. axb5 Nb6 46. Bc6 Nc8 47. e5+ fxe5+ 48. Ke4 Nb6 49. f6 Ke6 50. f7 Kxf7 51. Kxe5 Ke7 52. Bf3 a4 53. bxa4 Nxa4 54. Kf5 Kf7 55. Bd5+ Kg7 56. Ke6 h5 57. Kd6 h4 58. Bb3 1-0

[Event "Novgorod op"]
[Site "Novgorod"]
[Date "1999.03.19"]
[Round "10"]
[White "Ibragimov, Ildar"]
[Black "Lugovoi, Aleksei"]
[Result "1-0"]
[WhiteElo "2602"]
[BlackElo "2510"]
[PlyCount "133"]
[EventDate "1999.03.19"]
[EventType "swiss"]
[EventRounds "10"]
[EventCountry "RUS"]
[SourceTitle "CBM 069 Extra"]
[Source "ChessBase"]
[SourceDate "1999.05.10"]
[SourceVersion "1"]
[SourceVersionDate "1999.05.10"]
[SourceQuality "1"]

1. e4 c5 2. d3 e6 3. g3 d5 4. Nd2 Nc6 5. Bg2 Nf6 6. Ngf3 g6 7. O-O Bg7 8. exd5 Nxd5 9. Nb3 b6 10. Bg5 f6 11. Bd2 e5 12. c4 Nde7 13. Ne1 $146 ({RR} 13. Bc3 O-O 14. a3 Bf5 15. Nc1 a5 16. Nd2 Qc7 17. Ne4 Rad8 18. Rb1 Bh6 19. Qc2 Bg4 20. h3 Be6 21. b4 axb4 22. axb4 f5 23. bxc5 fxe4 24. cxb6 Qd6 25. Bxe4 Bxh3 26. Re1 Bxc1 27. Qxc1 Bf5 {Girish,A (2506)-Sabuk,P (2354) Krakow 2019 ½-½ (50)}) 13... O-O 14. f4 exf4 15. Bxf4 Be6 16. Nc2 f5 17. Re1 Qd7 18. Qe2 Bf7 19. Rad1 Rae8 20. Qd2 Nc8 21. Bh6 Rxe1+ 22. Nxe1 Bxh6 23. Qxh6 Ne5 24. Nf3 Nxf3+ 25. Bxf3 Qe7 26. Na1 Qf6 27. b3 Ne7 28. Nc2 Nc6 29. Qd2 Rd8 30. Bg2 Rd6 31. Bxc6 Rxc6 32. d4 cxd4 33. Qxd4 Qxd4+ 34. Rxd4 Rc7 35. Rd8+ Kg7 36. Nd4 Kf6 37. Kf2 Ke7 38. Ra8 Be8 39. Ke3 h6 40. h4 Kf7 41. a4 Re7+ 42. Kd3 Kf6 43. b4 g5 44. Rd8 Bd7 45. c5 bxc5 46. bxc5 f4 47. gxf4 gxh4 48. c6 Bf5+ 49. Kc4 Be4 50. Rd6+ Kg7 51. Ne6+ Kg8 52. c7 Bb7 53. f5 h3 54. Rd8+ Kh7 55. Rd2 Rf7 56. Rf2 h2 57. Rxh2 Rxf5 58. Re2 Bc8 59. Nd4 Rf1 60. Nc6 Rc1+ 61. Kb5 Rb1+ 62. Ka5 Rb7 63. Re7+ Kg6 64. Nb4 h5 65. Nd5 h4 66. Re8 Bd7 67. Rb8 1-0

[Event "Bled op 20th"]
[Site "Bled"]
[Date "1999.03.25"]
[Round "6"]
[White "Miroshnichenko, Evgenij"]
[Black "Sermek, Drazen"]
[Result "1-0"]
[WhiteElo "2500"]
[BlackElo "2540"]
[PlyCount "111"]
[EventDate "1999.03.20"]
[EventType "swiss"]
[EventRounds "9"]
[EventCountry "SLO"]
[SourceTitle "CBM 069 Extra"]
[Source "ChessBase"]
[SourceDate "1999.05.10"]
[SourceVersion "1"]
[SourceVersionDate "1999.05.10"]
[SourceQuality "1"]

1. e4 c5 2. Nf3 e6 3. d3 Nc6 4. g3 d5 5. Nbd2 g6 6. Bg2 Bg7 7. O-O Nf6 8. exd5 Nxd5 9. Ne4 b6 10. Nfd2 $146 ({RR} 10. c4 Nc7 11. Qa4 Bd7 12. Nd6+ Ke7 13. Nb5 a6 14. Nxc7 Qxc7 15. Qa3 Ra7 16. Re1 Kf8 17. d4 Nxd4 18. Nxd4 Bxd4 19. Bh6+ Kg8 20. Rad1 Bg7 21. Bg5 h6 22. Be7 Bc6 23. Bd6 Qb7 24. Bh3 Kh7 {Stanciu,T-Gunsberger,A Bucharest 1966 ½-½ (39)}) ({RR} 10. Bg5 f6 11. Bd2 O-O 12. Nc3 Nde7 13. a3 Bb7 14. Re1 e5 15. Qb1 Qd7 16. b4 Nd4 17. Nxd4 cxd4 18. Qb3+ Kh8 19. Bxb7 dxc3 20. Bxa8 cxd2 21. Red1 Rxa8 22. Rxd2 Rf8 23. Re1 f5 24. b5 f4 {Shyam,S (2520)-Vitiugov,N (2727) Riga 2019 0-1 (43)}) ({RR} 10. Bg5 f6 11. Bd2 O-O 12. Re1 e5 13. a3 a5 14. c4 Nde7 15. Qc2 Bg4 16. Bc3 Qd7 17. b4 axb4 18. axb4 cxb4 19. Bb2 Rad8 20. Red1 Nf5 21. c5 b5 22. Qb3+ Kh8 23. Rd2 Bxf3 24. Bxf3 Nfd4 {Javakhadze,Z (2412)-Grigoriants,S (2550) chess.com INT 2025 0-1 (32)}) ({RR} 10. Bg5 f6 11. Bd2 e5 12. Nc3 Nde7 13. Qc1 O-O 14. Bh6 Qd7 15. Bxg7 Kxg7 16. Nd2 Bb7 17. Nc4 Nd4 18. Qd1 Bxg2 19. Kxg2 Qc6+ 20. f3 b5 21. Ne3 Rad8 22. Rf2 Rd7 23. a4 a6 24. Qf1 h5 {Aldrete,J (2310)-Huss,A Buenos Aires 1978 1-0 (56)}) 10... O-O 11. Nc4 Qc7 12. h4 h6 13. c3 f5 14. Ned6 Bd7 15. d4 Nce7 16. dxc5 Qxc5 17. Be3 Qc7 18. a4 Nxe3 19. Nxe3 Rad8 20. Nb7 Rb8 21. Qd6 Rxb7 22. Qxe7 Rf7 23. Qb4 f4 24. Qe4 Rb8 25. Ng4 Rf5 26. Rad1 Rbf8 27. Nh2 Kh7 28. g4 Re5 29. Qc2 h5 30. Be4 Be8 31. f3 hxg4 32. Nxg4 Rh5 33. Kg2 Qc4 34. Rd7 Bxd7 35. Bxg6+ Kh8 36. Bxh5 Bxa4 37. Qb1 Bc6 38. Rf2 e5 39. Bg6 Bd7 40. Qe4 Qe6 41. Qd3 Qe7 42. Kg1 Bxg4 43. fxg4 Rd8 44. Qf3 Rd6 45. g5 Bf8 46. Be4 Qd7 47. Kg2 Kg8 48. c4 Qe8 49. Re2 Rd4 50. Qg4 Bd6 51. h5 Kh8 52. h6 Qf8 53. Kf3 Be7 54. Qh5 Qd8 55. Qg6 Qg8 56. Qf5 1-0

[Event "Capablanca Memorial Elite 34th"]
[Site "Havana"]
[Date "1999.05.10"]
[Round "4"]
[White "Miles, Anthony John"]
[Black "Godena, Michele"]
[Result "1-0"]
[WhiteElo "2609"]
[BlackElo "2552"]
[Annotator "Horn,Peter"]
[PlyCount "77"]
[EventDate "1999.05.??"]
[EventType "tourn"]
[EventRounds "13"]
[EventCountry "CUB"]
[EventCategory "12"]
[SourceTitle "CBM 071"]
[Source "ChessBase"]
[SourceDate "1999.08.01"]
[SourceVersion "1"]
[SourceVersionDate "1999.08.01"]
[SourceQuality "1"]

1. Nf3 d5 2. b3 Nf6 3. Bb2 c6 4. e3 Bg4 5. Be2 Nbd7 6. d3 (6. Ne5 Bxe2 7. Qxe2 a5 8. a4 Nxe5 9. Bxe5 Nd7 10. Bb2 e5 11. O-O Bd6 12. d3 O-O 13. e4 Re8 14. Nd2 Nc5 $11 {Rosenlund,T-Hansen,C/Copenhagen 1983}) (6. O-O Bxf3 7. Bxf3 e5 8. c4 dxc4 9. bxc4 e4 10. Be2 Bd6 11. d4 h5 12. f4 exf3 13. gxf3 Ng4 $2 14. fxg4 Qh4 15. Rf2 $18 {Stein,B-Johansen,D/London 1985}) (6. h3 Bh5 7. O-O e6 8. c4 Bd6 9. Nc3 O-O 10. Rc1 Qe7 11. Rc2 Bg6 12. d3 h6 $11 {Gaertner,G-Spiegel,W/Hohenems 1998}) (6. d4 {->D} g6 7. Nbd2 Bg7 8. O-O O-O 9. c4 $11 {Demers,C-Gentes,K/CAN-chJ 1987}) 6... e6 7. h3 $146 (7. Nbd2 Bd6 8. h3 (8. Rc1 O-O 9. c4 Rc8 10. Nf1 $2 Bb4+ 11. N3d2 Bxe2 12. Qxe2 dxc4 13. dxc4 Nc5 $17 {Tusznicka,J-Arnold,R/Plock 1994}) (8. Nd4 Bxe2 9. Qxe2 Qe7 10. a4 Rc8 11. O-O O-O 12. f4 c5 13. Nb5 e5 $2 (13... Bb8) 14. Nxd6 (14. Nxa7 $16) 14... Qxd6 15. c4 Rfe8 $132 {Schmidt,W-Kaeser,U/Liechtenstein 1988}) 8... Bxf3 9. Nxf3 (9. Bxf3) 9... O-O 10. O-O Qe7 11. Re1 e5 12. Nd2 e4 (12... Ba3 $5) 13. c4 Rad8 14. Qc2 Bb8 15. cxd5 cxd5 16. dxe4 (16. Rac1 $14) 16... Rc8 17. Qb1 dxe4 $11 {Zietek Czerwonska,B-Rzeczycka,B/Konin 1990}) 7... Bxf3 8. Bxf3 Bd6 9. Nd2 Qe7 10. O-O ({Mit} 10. a3 {konnte Weiß unter Zeitverlust den Läufertausch verhindern:} Be5 11. d4) 10... Ba3 $146 ({RR} 10... O-O-O 11. c4 h5 12. a3 g5 13. Be2 g4 14. h4 g3 15. f4 Ng4 16. Bxh8 Nxe3 17. Qe1 Rxh8 18. Qxg3 Nf5 19. Qh3 Rg8 20. Rf3 Qf6 21. Raf1 Qb2 22. Rd1 Nf6 23. b4 Ng4 24. c5 Qd4+ 25. Kh1 {Domingo Nunez,R (2376)-Chigaev,M (2632) chess.com INT 2023 0-1 (36)}) ({RR} 10... O-O-O 11. c4 h5 12. a3 g5 13. Be2 g4 14. h4 g3 15. f4 Ng4 16. Bxh8 Nxe3 17. Qe1 Rxh8 18. Qxg3 Nf5 19. Qh3 Rg8 20. Rf3 Qf6 21. Raf1 Qb2 22. Rd1 Nf6 23. b4 Ng4 24. c5 Qd4+ 25. Kh1 {Domingo Nunez,R (2376)-Chigaev,M (2632) chess.com INT 2023 0-1 (36)}) 11. Qc1 Bxb2 12. Qxb2 O-O (12... e5) 13. c4 Rfd8 14. Be2 h6 15. Rac1 Rac8 16. Rc2 {[%cal Yf1c1]} e5 17. cxd5 cxd5 (17... Nxd5 $142 $11 {[%cal Yc6c5]}) 18. Rfc1 Rxc2 19. Rxc2 ({Es scheint, daß Weiß die c-Linie mit} 19. Qxc2 {nicht behaupten kann:} Nb6 20. Qc5 (20. Qc7 Qxc7 21. Rxc7 Rc8 $11) 20... Qxc5 21. Rxc5 Rc8 $11) 19... Nb8 (19... Nb6 20. Nf3 $14 (20. Qc1 $14)) 20. b4 a6 21. a3 Nc6 22. Nb3 $36 {[%cal Yb3c5]} d4 (22... Ne8 23. d4) 23. exd4 exd4 (23... Nxd4 24. Nxd4 Rxd4 25. Rc8+ Kh7 26. Qc2 $14 {Weiß beherrscht die c-Linie.}) 24. Bf1 $14 {[%csl Rd4] Der d4 erscheint langfristig schwach, insbesondere wenn der f1 auf der langen Diagonale (h1-a8) auftaucht.} h5 25. Nc5 Ne5 26. Re2 Qc7 27. Qd2 Ned7 28. Nxd7 Qxd7 (28... Rxd7) 29. g3 Qa4 30. Qc1 Re8 (30... Qd7) 31. Rxe8+ Qxe8 32. Bg2 $16 {[%csl Rf6,Gg2] Der f6 ist dem g2 deutlich unterlegen.} (32. Qc5) 32... Qe2 $2 (32... Qb5 {greift auch den d3 an, kontrolliert aber zusätzlich f5 und deckt b7 (einmal).}) 33. Qc8+ $18 Kh7 34. Qf5+ Kg8 35. Bxb7 h4 36. g4 Qb2 37. g5 Nh5 38. Kg2 g6 39. Qe5 1-0

[Event "Prague Sachinfo playoff 6'-5'"]
[Site "Prague"]
[Date "1999.06.05"]
[Round "5"]
[White "Babula, Vlastimil"]
[Black "Rogers, Ian"]
[Result "1-0"]
[WhiteElo "2565"]
[BlackElo "2618"]
[PlyCount "61"]
[EventDate "1999.05.??"]
[EventType "tourn (blitz)"]
[EventRounds "6"]
[EventCountry "CZE"]
[EventCategory "15"]
[SourceTitle "CBM 072"]
[Source "ChessBase"]
[SourceDate "1999.10.01"]
[SourceVersion "1"]
[SourceVersionDate "1999.10.01"]
[SourceQuality "1"]

1. Nf3 d5 2. g3 c6 3. Bg2 Bf5 4. O-O Nf6 5. d3 e6 6. b3 h6 7. Bb2 Nbd7 8. Nbd2 Bc5 9. Qe1 O-O 10. e4 Bh7 11. Qe2 Qe7 ({RR} 11... a5 12. a3 b5 13. h3 Qc7 14. Kh2 Be7 15. Nd4 Rab8 16. f4 c5 17. N4f3 c4 18. Bxf6 Bxf6 19. e5 Be7 20. dxc4 bxc4 21. bxc4 dxc4 22. Nxc4 Rfc8 23. Ne3 Qc3 24. f5 Nxe5 25. fxe6 fxe6 26. Rae1 {Pranav,V (2611)-Toman,O (2283) chess.com INT 2023 1-0 (41)}) 12. Kh1 $146 ({RR} 12. a4 a5 13. h3 Rfb8 14. Kh2 Qd8 15. Ne1 b5 16. f4 bxa4 17. Rxa4 Nb6 18. Ra1 a4 19. Nef3 dxe4 20. Nxe4 Nxe4 21. dxe4 {½-½ (21) Zabystrzan,P (2267)-Vrana,F (2207) Czech Republic 2015}) 12... Ba3 13. Bxa3 Qxa3 14. Nh4 Qb2 15. Rac1 Qxa2 16. f4 Qa6 17. e5 Ne8 18. f5 Qb6 19. Bh3 c5 20. Rf4 Kh8 21. Rcf1 exf5 22. Bxf5 Bxf5 23. Nxf5 Qe6 24. d4 cxd4 25. Nf3 Nc7 26. N5xd4 Qg6 27. Nh4 Qg5 28. Rxf7 Rxf7 29. Rxf7 Re8 30. e6 Ne5 31. Qxe5 1-0

[Event "FIDE-Wch k.o."]
[Site "Las Vegas"]
[Date "1999.07.31"]
[Round "1.1"]
[White "Aronian, Levon"]
[Black "Rozentalis, Eduardas"]
[Result "1-0"]
[WhiteElo "2518"]
[BlackElo "2586"]
[Annotator "Pein,Malcolm"]
[PlyCount "77"]
[EventDate "1999.07.31"]
[EventType "k.o."]
[EventRounds "7"]
[EventCountry "USA"]
[SourceTitle "CBM 072"]
[Source "ChessBase"]
[SourceDate "1999.10.01"]
[SourceVersion "1"]
[SourceVersionDate "1999.10.01"]
[SourceQuality "1"]

1. Nf3 {Horn,Pe} d5 2. g3 Bg4 3. Bg2 c6 4. O-O Nd7 5. d3 Ngf6 6. Nbd2 e5 7. e4 dxe4 8. dxe4 Bc5 9. h3 Bxf3 {This seems to give White a fairly free hand. Black often plays 9...Bh5 when White often feels he has to play 10.Qe1 to break the pin. So I prefer 9...Bh5} 10. Bxf3 ({RR} 10. Qxf3 Qe7 11. a4 a5 12. Nc4 Qe6 13. b3 Nb6 14. Nxb6 Bxb6 15. Ba3 O-O-O 16. Rfd1 Rxd1+ 17. Rxd1 Rd8 18. Rxd8+ Kxd8 19. Bf1 Ke8 20. Kg2 Nd7 21. Bc4 Qf6 22. Qxf6 Nxf6 23. f3 Nd7 24. f4 Bc5 {Vaganian,R (2595)-Piket,J (2580) Germany 1996 1-0 (41)}) 10... O-O ({RR} 10... a5 11. Nc4 O-O 12. Bg5 h6 13. Be3 Bxe3 14. Nxe3 Nc5 15. Nc4 Ncxe4 16. Nxe5 Qc7 17. Nd3 Rad8 18. Bxe4 Nxe4 19. Qg4 f5 20. Qe2 Rfe8 21. Qh5 Rf8 22. Nf4 Qe5 23. Ng6 Qe8 24. Rfe1 Rf6 25. f3 {Hariharan,S (2024)-Rose,F (2093) chess.com INT 2025 1-0 (36)}) 11. a4 a5 12. Nc4 Qe7 $146 {Horn,Pe: 'Meistens landet die  in diesem Stellungstyp auf c7, was mir auch sinnvoller erscheint: e5 ist gedeckt und man kann leichter den d7 nach e6 bringen. '} (12... Qc7 {Horn,Pe}) (12... Re8 {Horn,Pe}) ({RR} 12... Qc7 13. Bd2 Rfe8 14. Qe2 Nf8 15. Be3 Ne6 16. Bxc5 Nxc5 17. Qe3 Ne6 18. c3 b5 19. Nd2 Rab8 20. Be2 Nd7 21. Bg4 Nec5 22. Bxd7 Nxd7 23. Rfb1 Rb7 24. b3 Nf8 25. b4 bxa4 26. Rxa4 axb4 27. Rbxb4 {Reschke,S (2352)-Dittmar,P (2284) Germany 2016 ½-½}) 13. Kg2 Rfd8 14. Qe2 Nf8 (14... Nb6 {Horn,Pe} 15. Ne3 $14) 15. c3 h6 $6 {This makes it harder to play ...g6 later} (15... Ne8 $5) 16. h4 {Although Black looks solid enough its hard to find a plan and White has Ne3-f5. Perhaps Ne8-d6} Qc7 {Horn,Pe: 'Das ist ein klares Indiz, daß Rozentalis nicht mehr glücklich mit den vorangegangenen Zügen war.'} 17. Ne3 Qb6 (17... Ne6 {Horn,Pe} 18. Nf5) 18. Nc4 Qc7 (18... Qb3 {Horn,Pe} 19. Nxe5 $16) 19. Ne3 Qb6 20. Qc4 $1 {Horn,Pe: 'Angesichts der unentschlossenen schwarzen Spielführung ist Aronian nicht mit einem Remis zufrieden. Weiß übernimmt jetzt die Initiative auf den weißen Felder; gelegentlich könnte auch der f3 auf der Diagonale a2-f7 auftauchen.'} Ne6 21. Ng4 {Freeing White's play} Nxg4 {Horn,Pe: 'Ein wenig verdächtig, da es die weißen Figuren entwickelt.'} ({Sonst kam noch} 21... Nd7 {Horn,Pe in Betracht, vielleicht am besten:} 22. Be2 ({Die Radikallösung scheint nicht zu klappen:} 22. Bxh6 $2 gxh6 23. Nxh6+ Kg7 24. Nf5+ Kf8 $17)) 22. Bxg4 Rd6 (22... Re8 {Horn,Pe} 23. b3 {[%cal Yf2f4]}) 23. b3 Rad8 {'?' Horn,Pe. Horn,Pe: 'Schwarz kann es sich bei der angespannten Situation nicht leisten, noch einen Larifarizug zu machen. Er mußte konkret auf die Drohungen in der f-Linie reagieren. '} (23... Rf8 {Horn,Pe Deckt f7; jedenfalls reicht danach die Vorgehensweise aus der Partie nicht zum Gewinn:} 24. f4 exf4 25. Bxf4 Nxf4+ 26. Rxf4 Rd2+ 27. Kh3 Bd6 28. Rf3 Qd8 $1 29. Raf1 Kh8 30. Rxf7 $140 $4 Rh2+ 31. Kxh2 Qxh4+ $19) 24. f4 $3 {Apart from Kotsurs shattering Qxe4! against Dolmatov I rate this the move of the day. White looks passive but he has spotted a weakness on f7 and he goes for it. Perhaps 23...Re8 was safer but its easy to say that afterwards, this is a real shocker.} exf4 {'?' Horn,Pe.} (24... Re8 {Horn,Pe Bauernverlust war nicht mehr zu vermeiden; so sollte Schwarz wenigstens das Beste draus machen.}) 25. Bxf4 Nxf4+ 26. Rxf4 {Amazing stuff, Raf1 and Bh5 are coming and f7 is just dropping off but of course there is still a lot of work to do} Rd2+ (26... Rf8 {Horn,Pe} 27. Raf1 $18) 27. Kh3 Bd6 (27... Rf8 28. Raf1 Rf2 29. Bh5 Rxf1 30. Bxf7+ $1 (30. Bxf7+ {Horn,Pe} Kh8 31. Rxf1 {und Schwarz hat einen Bauern weniger.})) 28. Rxf7 Kh8 29. e5 $1 {Of course the white square attack is more important than a pawn. This undermines the defence of f8 and introduces a possible Qe4+ '+-!' Horn,Pe. Horn,Pe: 'Leitet den Schlußangriff ein: e4 wird möglich.'} (29. Raf1 {Horn,Pe}) 29... Bxe5 {Horn,Pe: 'Alles andere rettet auch nicht.'} 30. Raf1 Bd6 (30... R2d5 31. Rf8+ Rxf8 32. Rxf8+ Kh7 33. Qe4+ g6 34. Bh5 {and my little German friend tells me its mate in 5. Which is all very clever but would it give up a pawn on e5 I wonder ?}) 31. Rxg7 Qe3 (31... Kxg7 32. Rf7+ Kh8 33. Qe4 {Is a lovely illustration of the merits of 29.e5! '+-' Horn,Pe.}) (31... Rf2 {Horn,Pe} 32. Rg6 Qe3 33. Be6 Rxf1 34. Qxf1 Rf8 35. Rg8+ Rxg8 36. Qf6+ Rg7 37. Qd8+ Kh7 38. Bf5+ Rg6 39. Qxd6 $18) 32. Bh5 $1 ({Einfacher war} 32. Rh7+ {Horn,Pe} Kxh7 33. Qf7+ Kh8 34. Qf6+ $18) 32... Rf2 (32... Kxg7 33. Qf7+ Kh8 34. Qf6+ Kg8 35. Qxd8+ {'+-' Horn,Pe.}) (32... Be5 {Horn,Pe wäre nur ein Schreckschuß:} 33. Rg6 $1 $18) 33. Rxf2 Qxf2 34. Rg6 Qf5+ 35. Kg2 $1 Qxh5 36. Qd4+ Qe5 37. Rxd6 $1 (37. Rxh6+ Kg8 38. Qg4+ Kf8 39. Rh5 Qxc3 40. Qf5+ Ke8 41. Qe6+ Be7 42. Rg5 Rd2+ 43. Kh3 Kd8 {and Black does a runner}) 37... Qxd4 38. Rxd4 Re8 39. Rd6 {It looks like an early resignation but on closer examination its hard to see how to avoid losing a second pawn} 1-0